|
|
|
|
| LEADER |
01464nam a2200301 4500 |
| 001 |
41280 |
| 003 |
BD-DhAAL |
| 005 |
20230528123449.0 |
| 008 |
230528t1972 nyu 000 0 eng |
| 010 |
|
|
|a 72000447
|
| 020 |
|
|
|a 0393063917
|
| 040 |
|
|
|a DLC
|c DLC
|d DLC
|d BD-DhAAL
|
| 050 |
0 |
0 |
|a GF41
|b .J3
|
| 082 |
0 |
0 |
|a 301.31
|
| 100 |
1 |
|
|a Ward, Barbara,
|d 1914-1981.
|9 54393
|
| 245 |
1 |
0 |
|a Only one earth;
|b the care and maintenance of a small planet,
|c by Barbara Ward and René Dubos.
|
| 250 |
|
|
|a First edition
|
| 260 |
|
|
|a New York :
|b Norton & Company,
|c 1972
|
| 300 |
|
|
|a xxv, 225 pages ;
|c 21 cm.
|
| 500 |
|
|
|a "An unofficial report commissioned by the Secretary-General of the United Nations Conference on the Human Environment, prepared with the assistance of a 152-member committee of corresponding consultants in 58 countries."
|
| 541 |
|
|
|a Donated By Akbar Ali Khan
|e 411280
|
| 650 |
|
0 |
|a Human ecology.
|
| 700 |
1 |
|
|a Dubos, René J.
|q (René Jules),
|d 1901-1982,
|e joint author.
|9 54394
|
| 711 |
2 |
|
|a United Nations Conference on the Human Environment
|d (1972 :
|c Stockholm, Sweden)
|9 54395
|
| 852 |
|
|
|a Ayesha Abed Library
|c Akbar Ali Khan Collection
|
| 942 |
|
|
|2 ddc
|c BK
|
| 999 |
|
|
|c 45809
|d 45809
|
| 952 |
|
|
|0 0
|1 0
|2 ddc
|4 0
|6 301_310000000000000_WAR
|7 1
|9 73689
|a BRACUL
|b BRACUL
|c AAKC
|d 2023-05-28
|e Donated by Akbar Ali Khan
|g 684.46
|l 0
|o 301.31 WAR
|p 3010041280
|r 2023-05-28
|t 1
|v 684.46
|w 2023-05-28
|y BK
|x price are not available in book (collected from amazon.com £5.95 ).
|